|
|
|
|
| LEADER |
00721cam a2200229 7i4500 |
| 001 |
0000031015 |
| 005 |
20140514090000.0 |
| 020 |
0 |
0 |
|a 9781418779269
|
| 090 |
0 |
0 |
|a P 621.8025
|b PLA
|
| 245 |
0 |
0 |
|a PlanetInform's global directory for major industrial machinery manufacturers 2013.
|
| 250 |
0 |
0 |
|a 13th ed..
|
| 260 |
0 |
0 |
|a Florida:
|b Business Information Agency (BIA),
|c 2013.
|
| 300 |
# |
# |
|a 462 p.
|
| 650 |
0 |
0 |
|a Machinery industry --
|x Manufacturers --
|x Directories
|
| 651 |
0 |
0 |
|a Asia Pacific
|
| 651 |
0 |
0 |
|a South America
|
| 651 |
0 |
0 |
|a Middle East
|
| 651 |
0 |
0 |
|a Eastern Europe
|
| 651 |
0 |
0 |
|a Western Europe
|
| 651 |
0 |
0 |
|a North America
|
| 651 |
0 |
0 |
|a Oceania
|
| 999 |
|
|
|a B000034296
|b Directories
|c Products
|e Business Information Centre
|